[Event "Festival Magistrale"]
[Site "Caorle ITA"]
[Date "1989.07.??"]
[Round "2"]
[White "Ruzzier, Dario"]
[Black "Jovancic, Miodrag"]
[Result "0-1"]
[WhiteElo "1960"]
[BlackElo "2230"]
[PlyCount "48"]
[EventDate "1989.07.01"]

1. d4 d5 2. c4 e6 3. Nc3 c5 4. cxd5 exd5 5. Nf3 Nc6 6. g3 Nf6 7. Bg2 Be7 8. O-O
O-O 9. Bg5 cxd4 10. Nxd4 h6 11. Be3 Bg4 12. Qb3 Na5 13. Qb5 a6 14. Qd3 Qd7 15.
Rfe1 Rac8 16. Rad1 Bb4 17. a3 Bxc3 18. bxc3 Nc4 19. Bc1 b5 20. Nc2 Bf5 21. e4
dxe4 22. Qxd7 Bxd7 23. Bxe4 Nxe4 24. Rxd7 Ne5 0-1

[Event "Festival Magistrale"]
[Site "Caorle ITA"]
[Date "1989.07.??"]
[Round "2"]
[White "Sgaravatti, Francesco"]
[Black "Gaggiottini, Manfredo"]
[Result "0-1"]
[WhiteElo "2085"]
[BlackElo "2030"]
[PlyCount "73"]
[EventDate "1989.07.01"]

1. e4 Nf6 2. e5 Nd5 3. d4 d6 4. Bc4 Nb6 5. Bb3 g6 6. Qe2 Nc6 7. Nf3 Bg4 8.
Bxf7+ Kxf7 9. Ng5+ Ke8 10. Qxg4 dxe5 11. dxe5 Nxe5 12. Qe2 Qd6 13. O-O Rd8 14.
Nc3 Bg7 15. Rd1 Qc6 16. Rxd8+ Kxd8 17. Bf4 Nbd7 18. Rd1 Kc8 19. Rd5 Nc4 20.
Rxd7 Kxd7 21. Qd3+ Kc8 22. Nd5 Re8 23. Nxc7 Rd8 24. Qe2 Nxb2 25. h4 Rd1+ 26.
Kh2 e5 27. Nce6 exf4 28. Nxg7 f3 29. gxf3 Qc7+ 30. Kg2 Qxg7 31. Qe8+ Rd8 32.
Qxd8+ Kxd8 33. Ne6+ Ke7 34. Nxg7 Kf7 35. Nf5 gxf5 36. f4 Ke6 37. Kf3 {...} 0-1

[Event "Festival Magistrale"]
[Site "Caorle ITA"]
[Date "1989.07.??"]
[Round "2"]
[White "Sinka, Brigitta"]
[Black "Kostic, Nebojsa"]
[Result "0-1"]
[WhiteElo "2045"]
[BlackElo "2340"]
[PlyCount "70"]
[EventDate "1989.07.01"]

1. d4 Nf6 2. Nf3 c6 3. Bf4 d6 4. h3 Qb6 5. Qc1 Bf5 6. Nbd2 Nbd7 7. e3 h6 8. Be2
g5 9. Bh2 Bg7 10. c3 O-O 11. g4 Bh7 12. O-O Rae8 13. Bg3 e5 14. dxe5 dxe5 15.
Nc4 Qc7 16. Nd4 Ne4 17. Bh2 b5 18. Nd2 Nd6 19. Nc2 f5 20. a4 a6 21. axb5 axb5
22. Nb4 f4 23. exf4 exf4 24. Re1 Ne5 25. Kg2 c5 26. Nc2 f3+ 27. Nxf3 Qc6 28.
Bxe5 Rxe5 29. Ne3 Be4 30. Qd1 Re7 31. Kg3 Ref7 32. Nf5 Nxf5+ 33. gxf5 Rxf5 34.
Ra7 Rxf3+ 35. Bxf3 Be5+ 0-1

[Event "Festival Magistrale"]
[Site "Caorle ITA"]
[Date "1989.07.??"]
[Round "2"]
[White "Steiner, Darko"]
[Black "Travaglini, Alberto"]
[Result "1-0"]
[WhiteElo "2300"]
[BlackElo "1930"]
[PlyCount "71"]
[EventDate "1989.07.01"]

1. d4 Nf6 2. c4 e6 3. Nc3 Bb4 4. e3 c5 5. Nge2 Nc6 6. a3 cxd4 7. axb4 dxc3 8.
bxc3 O-O 9. Nd4 d5 10. Be2 e5 11. Nb5 Be6 12. O-O a6 13. Na3 Rc8 14. Bb2 Qe7
15. b5 Nb8 16. cxd5 Bxd5 17. c4 Be4 18. Qb3 axb5 19. Nxb5 Nbd7 20. Rfd1 Nc5 21.
Qc3 Nfd7 22. Nd6 Rc7 23. f3 Bc6 24. Qc2 g6 25. Nb5 Rcc8 26. Na7 Rc7 27. Nxc6
Rxc6 28. Rd5 Rfc8 29. Qd1 f6 30. Ba3 Qe6 31. Rb1 Kg7 32. Rxb7 Nxb7 33. Rxd7+
Kh6 34. Rxb7 Ra8 35. Bc1 Ra1 36. e4+ 1-0

[Event "Festival Magistrale"]
[Site "Caorle ITA"]
[Date "1989.07.??"]
[Round "2"]
[White "Sulava, Nenad"]
[Black "Frasson, Giovanni"]
[Result "1-0"]
[WhiteElo "2380"]
[BlackElo "1900"]
[PlyCount "32"]
[EventDate "1989.07.01"]

1. d4 Nf6 2. Nf3 b6 3. g3 Bb7 4. Bg2 g6 5. c4 Bg7 6. O-O O-O 7. Qc2 Be4 8. Qb3
e6 9. Nc3 Bb7 10. Re1 Nc6 11. Qc2 d6 12. b3 Rb8 13. Ba3 Re8 14. Rad1 Qc8 15.
Bh3 Nd7 16. d5 16... Nce5 {...} 1-0

[Event "Festival Magistrale"]
[Site "Caorle ITA"]
[Date "1989.07.??"]
[Round "2"]
[White "Vlajkovic, Slobodan"]
[Black "Luciani, Carlo"]
[Result "0-1"]
[WhiteElo "2250"]
[BlackElo "2150"]
[PlyCount "92"]
[EventDate "1989.07.01"]

1. Nf3 Nf6 2. b3 g6 3. Bb2 Bg7 4. c4 c5 5. g3 d6 6. Bg2 e5 7. d3 Nc6 8. O-O O-O
9. Nc3 h6 10. e3 Rb8 11. Nd2 Bg4 12. f3 Be6 13. a3 d5 14. e4 dxc4 15. dxc4 Nd4
16. a4 h5 17. Re1 a6 18. Bf1 Bh6 19. Ndb1 h4 20. Nd5 Nh5 21. Bxd4 exd4 22. g4
Nf4 23. Nxf4 Bxf4 24. Bd3 Qg5 25. Ra2 Rbe8 26. Kh1 Bd7 27. Rae2 Bc6 28. Nd2 Kh8
29. Rg2 Bc7 30. Reg1 Re6 31. Qe1 Kg7 32. Qd1 Rf6 33. Rf1 Re8 34. Rgf2 Bf4 35.
Re1 Be3 36. Rfe2 Bxd2 37. Rxd2 Rxf3 38. Qxf3 Qxd2 39. Rf1 Rf8 40. Rf2 Qg5 41.
Qf4 Qxf4 42. Rxf4 f5 43. gxf5 Rxf5 44. Rxh4 Rf3 45. Be2 Re3 46. Bf1 d3 0-1

[Event "Festival Magistrale"]
[Site "Caorle ITA"]
[Date "1989.07.??"]
[Round "2"]
[White "Vujosevic, Vladimir"]
[Black "Mufic, Goran"]
[Result "1/2-1/2"]
[WhiteElo "2335"]
[BlackElo "2275"]
[PlyCount "48"]
[EventDate "1989.07.01"]

1. e4 c6 2. d3 d5 3. Nd2 Qc7 4. g3 e5 5. Bg2 Nf6 6. Ngf3 Bc5 7. O-O O-O 8. c3
dxe4 9. dxe4 Be6 10. b4 Be7 11. a3 a5 12. Bb2 h6 13. Qe2 Nbd7 14. Nc4 a4 15.
Nfd2 Rfd8 16. Ne3 Bf8 17. c4 Ne8 18. c5 b6 19. cxb6 Qxb6 20. Ndc4 Qb5 21. Rfe1
c5 22. bxc5 f6 23. Rab1 Qxc5 24. Rec1 Qa7 1/2-1/2

[Event "Festival Magistrale"]
[Site "Caorle ITA"]
[Date "1989.07.??"]
[Round "3"]
[White "Barlocco, Carlo"]
[Black "Luciani, Carlo"]
[Result "0-1"]
[WhiteElo "2270"]
[BlackElo "2150"]
[PlyCount "88"]
[EventDate "1989.07.01"]

1. d4 c5 2. dxc5 e6 3. Nd2 Na6 4. Nc4 Nxc5 5. Nd6+ Bxd6 6. Qxd6 Qe7 7. Bf4 Qxd6
8. Bxd6 Ne4 9. Bb4 d5 10. f3 Nef6 11. Nh3 Ne7 12. e3 Bd7 13. Nf4 a5 14. Bc3 Nc6
15. O-O-O Ke7 16. g4 Rhc8 17. Rg1 h6 18. Nh5 Rg8 19. Bxf6+ gxf6 20. Bb5 Rgd8
21. f4 Nb4 22. Bxd7 Rxd7 23. c3 Na6 24. Rd2 Nc5 25. Ng3 b5 26. Rgd1 Rc7 27. Kb1
Rb8 28. h3 f5 29. Rg2 fxg4 30. Nh5 Ne4 31. Rdg1 b4 32. cxb4 axb4 33. hxg4 Ra8
34. Ng3 Nd6 35. Rc2 Rca7 36. Rh2 Rxa2 37. Kc2 Nc4 38. Kd3 Nxb2+ 39. Kd4 Rc8 40.
Nf5+ exf5 41. Rxh6 Ra5 42. e4 fxe4 43. f5 Rc3 44. Rb6 Rd3+ 0-1

[Event "Festival Magistrale"]
[Site "Caorle ITA"]
[Date "1989.07.??"]
[Round "3"]
[White "Bern, Ivar"]
[Black "Sulava, Nenad"]
[Result "0-1"]
[WhiteElo "2355"]
[BlackElo "2380"]
[PlyCount "108"]
[EventDate "1989.07.01"]

1. Nf3 d5 2. d4 Nf6 3. Bf4 Bf5 4. c4 dxc4 5. e3 Nd5 6. Bxc4 Nxf4 7. exf4 e6 8.
Qb3 Nd7 9. Qxb7 Rb8 10. Qa6 Rxb2 11. O-O Bd6 12. Ne5 O-O 13. Nc3 Nxe5 14. fxe5
Bb4 15. Ne2 Qb8 16. Ng3 Bg6 17. h4 Bc3 18. Rad1 Bc2 19. Bb3 Bxd1 20. Rxd1 c5
21. dxc5 Bxe5 22. Ne4 Bh2+ 23. Kf1 Qf4 24. Qd3 Qxh4 25. Qf3 Be5 26. g3 Qe7 27.
Nd6 Bxd6 28. cxd6 Qf6 29. Qe3 Qh6 30. Qf3 Rd2 31. Kg2 Rxd1 32. Qxd1 Qg5 33. d7
Qe7 34. Qd4 a5 35. Ba4 g6 36. Bb5 h5 37. a4 f5 38. Qc3 Kh7 39. Qc8 Rd8 40. Qc3
h4 41. Qxa5 hxg3 42. fxg3 e5 43. Qc7 e4 44. Kf1 g5 45. a5 f4 46. a6 Qf6 47.
gxf4 gxf4 48. Qxd8 Qxd8 49. Bc6 e3 50. a7 Qh4 51. Ke2 Qf2+ 52. Kd3 Qd2+ 53. Kc4
e2 54. a8=Q e1=Q 0-1

[Event "Festival Magistrale"]
[Site "Caorle ITA"]
[Date "1989.07.??"]
[Round "3"]
[White "Bini, Lorenzo"]
[Black "Rukavina, Josip"]
[Result "0-1"]
[WhiteElo "1960"]
[BlackElo "2455"]
[PlyCount "66"]
[EventDate "1989.07.01"]

1. b3 e5 2. Bb2 d6 3. g3 c5 4. Bg2 Nc6 5. c4 f5 6. d3 Nf6 7. Nc3 g6 8. e3 Bg7
9. Nge2 O-O 10. O-O g5 11. Nd5 Nxd5 12. cxd5 Ne7 13. f4 Ng6 14. Kh1 Bd7 15. Ng1
g4 16. Ne2 h5 17. Qd2 h4 18. Kg1 h3 19. Bh1 Qb6 20. Rf2 a5 21. fxe5 dxe5 22. e4
c4 23. bxc4 fxe4 24. c5 Qxc5 25. d4 exd4 26. Bxd4 Qxd5 27. Rd1 Rxf2 28. Bxf2
Qxd2 29. Rxd2 Bc6 30. Rd6 Ne5 31. Nd4 e3 32. Bxc6 exf2+ 33. Kxf2 bxc6 0-1

[Event "Festival Magistrale"]
[Site "Caorle ITA"]
[Date "1989.07.??"]
[Round "3"]
[White "Bistric, Faruk"]
[Black "Kostic, Nebojsa"]
[Result "0-1"]
[WhiteElo "2340"]
[BlackElo "2340"]
[PlyCount "82"]
[EventDate "1989.07.01"]

1. Nf3 Nf6 2. g3 c6 3. Bg2 d6 4. d4 Bg4 5. b3 g6 6. Bb2 Bg7 7. Nbd2 Nbd7 8. O-O
O-O 9. a4 Qa5 10. h3 Bxf3 11. Bxf3 Rfe8 12. Bg2 Rad8 13. Nc4 Qc7 14. e4 Nxe4
15. Bxe4 d5 16. Bxd5 cxd5 17. Ne3 Nf6 18. Qd3 Qd7 19. Kg2 h5 20. Rfe1 h4 21. g4
Bh6 22. Nf1 Ne4 23. f3 Nf6 24. Bc1 Bxc1 25. Raxc1 Qd6 26. Qe3 Rc8 27. Re2 Qb4
28. Rd1 Nh7 29. Qf2 g5 30. Ne3 e6 31. f4 Qd6 32. fxg5 Nxg5 33. Qxh4 Qf4 34. Rf1
Qe4+ 35. Kg3 Qg6 36. c4 dxc4 37. Nxc4 Rxc4 38. bxc4 Qd3+ 39. Kf2 Nxh3+ 40. Ke1
Qb1+ 41. Kd2 Qxf1 0-1

[Event "Festival Magistrale"]
[Site "Caorle ITA"]
[Date "1989.07.??"]
[Round "3"]
[White "Buzzi, Dario"]
[Black "Mambrini, Augusto"]
[Result "1/2-1/2"]
[WhiteElo "1985"]
[BlackElo "1960"]
[PlyCount "80"]
[EventDate "1989.07.01"]

1. e4 e6 2. d4 d5 3. Nc3 Bb4 4. Nge2 dxe4 5. a3 Be7 6. Nxe4 Nf6 7. Qd3 Nbd7 8.
g3 Nxe4 9. Qxe4 Nf6 10. Qd3 Qd5 11. f3 b6 12. c4 Qd7 13. Bg2 Bb7 14. O-O O-O
15. Be3 c5 16. Rfd1 Rfd8 17. Qc3 Qc6 18. b4 a6 19. Qb3 Rac8 20. dxc5 Rxd1+ 21.
Rxd1 bxc5 22. b5 axb5 23. cxb5 Qb6 24. Nc3 c4 25. Bxb6 cxb3 26. Nb1 b2 27. a4
Rc1 28. Rf1 Nd5 29. Bd4 Rc4 30. Bxb2 Rxa4 31. Rc1 Rb4 32. Ba3 Rxb5 33. Bxe7
Nxe7 34. Rd1 g6 35. Rd8+ Kg7 36. Nd2 Nf5 37. f4 Bxg2 38. Kxg2 h5 39. Rd7 Rb2
40. Kf3 Ra2 1/2-1/2

[Event "Festival Magistrale"]
[Site "Caorle ITA"]
[Date "1989.07.??"]
[Round "3"]
[White "Capelli, Giorgio"]
[Black "Cazzaniga, Walter"]
[Result "0-1"]
[WhiteElo "2030"]
[BlackElo "1940"]
[PlyCount "134"]
[EventDate "1989.07.01"]

1. c4 f5 2. Nc3 Nf6 3. g3 g6 4. Bg2 Bg7 5. d4 d6 6. Nh3 O-O 7. d5 c6 8. O-O e5
9. dxe6 Bxe6 10. Qa4 Nbd7 11. Qb4 Nc5 12. Be3 a5 13. Qa3 Nfe4 14. Nxe4 Nxe4 15.
Rac1 Qf6 16. Rc2 h6 17. Rd1 Rfd8 18. Bb6 Rd7 19. Nf4 Bf7 20. Bd4 Qd8 21. Qe3 g5
22. Nd3 Nf6 23. Bb6 Ng4 24. Bxd8 Nxe3 25. fxe3 Raxd8 26. b3 Re7 27. Kf2 Rde8
28. Ne1 Re6 29. Nf3 Bh5 30. Bf1 Rxe3 31. Rxd6 Bf8 32. Rd7 Bc5 33. Kg2 R3e7 34.
Rcd2 Bg6 35. h4 Kf8 36. Rxe7 Kxe7 37. hxg5 hxg5 38. Ne5 Bh5 39. Rd3 Rd8 40. a4
Rd6 41. Nf3 Rxd3 42. exd3 Be3 43. Be2 Kd6 44. Kf1 Kc5 45. Ne1 Bf7 46. Nc2 Bd4
47. Bf3 Be5 48. Kf2 Bg6 49. Be2 g4 50. Bd1 Be8 51. Be2 Bd7 52. Bf1 Be6 53. Be2
b5 54. axb5 cxb5 55. cxb5 Bxb3 56. d4+ Bxd4+ 57. Nxd4 Kxd4 58. b6 Bd5 59. Ba6
a4 60. b7 Bxb7 61. Bxb7 a3 62. Bc8 a2 63. Bxf5 a1=Q 64. Bxg4 Qc1 65. Bf5 Qe3+
66. Kg2 Qe2+ 67. Kh3 Qh5+ 0-1

[Event "Festival Magistrale"]
[Site "Caorle ITA"]
[Date "1989.07.??"]
[Round "3"]
[White "Csonkics, Tunde"]
[Black "Vujosevic, Vladimir"]
[Result "1/2-1/2"]
[WhiteElo "2280"]
[BlackElo "2335"]
[PlyCount "33"]
[EventDate "1989.07.01"]

1. d4 Nf6 2. Nf3 d5 3. c4 e6 4. Nc3 Be7 5. Bg5 O-O 6. e3 h6 7. Bxf6 Bxf6 8. Rc1
c6 9. Bd3 Nd7 10. O-O dxc4 11. Bxc4 e5 12. Ne4 exd4 13. Nxf6+ Nxf6 14. Qxd4 Bg4
15. Qf4 Qe7 16. Rfd1 Rad8 17. h3 1/2-1/2

[Event "Festival Magistrale"]
[Site "Caorle ITA"]
[Date "1989.07.??"]
[Round "3"]
[White "Cugini, Verter"]
[Black "Negro, Roberto"]
[Result "0-1"]
[WhiteElo "2130"]
[BlackElo "1900"]
[PlyCount "100"]
[EventDate "1989.07.01"]

1. e4 c5 2. g3 Nc6 3. Bg2 g6 4. Ne2 Bg7 5. c3 e5 6. d3 Nge7 7. Be3 d6 8. Qd2
Be6 9. Bh6 Bxh6 10. Qxh6 Qb6 11. b3 Qa6 12. c4 Nd4 13. Nxd4 Qa5+ 14. Qd2 Qxd2+
15. Nxd2 cxd4 16. b4 a5 17. bxa5 Rxa5 18. Ke2 Kd7 19. Rhb1 Kc7 20. Nb3 Ra3 21.
Nc1 Rha8 22. Rb2 Nc6 23. Rab1 R8a7 24. Kd2 g5 25. Rb3 R3a6 26. R3b2 Nb8 27. f4
gxf4 28. gxf4 exf4 29. Ne2 Nc6 30. Nxf4 Rxa2 31. Bh3 Bxh3 32. Nxh3 Rxb2+ 33.
Rxb2 Ra1 34. Nf2 Ne5 35. Ke2 Rg1 36. h3 Rg2 37. Rb5 Rg3 38. c5 Re3+ 39. Kf1 Kc6
40. Rb6+ Kxc5 41. Rxb7 Nxd3 42. Nxd3+ Rxd3 43. Kg2 Re3 44. Rxf7 d3 45. Rf5+ Kc4
46. Rd5 Rxe4 47. Rxd6 Rd4 48. Rc6+ Kd5 49. Rc1 d2 50. Rd1 Kc4 0-1

[Event "Festival Magistrale"]
[Site "Caorle ITA"]
[Date "1989.07.??"]
[Round "3"]
[White "Gant, Otilia"]
[Black "Glavan, Slavenko"]
[Result "1-0"]
[WhiteElo "2240"]
[BlackElo "2260"]
[PlyCount "109"]
[EventDate "1989.07.01"]

1. d4 Nf6 2. c4 e5 3. dxe5 Ng4 4. Bf4 Nc6 5. Nf3 Bb4+ 6. Nbd2 Qe7 7. a3 Bxd2+
8. Qxd2 Ngxe5 9. Nxe5 Nxe5 10. e3 d6 11. Be2 O-O 12. O-O b6 13. f3 a5 14. b4
Bb7 15. e4 Qf6 16. Rad1 axb4 17. axb4 Ra4 18. Bg3 Qe6 19. Qc3 Ra2 20. Rfe1 Ba6
21. b5 Bb7 22. c5 bxc5 23. f4 Rxe2 24. Rxe2 Nd7 25. f5 Qe8 26. e5 dxe5 27. Bxe5
Nxe5 28. Rxe5 Qxb5 29. Qg3 Qa4 30. Rde1 Qd4+ 31. Kh1 Qd6 32. Qe3 Bd5 33. f6 c6
34. fxg7 Kxg7 35. Qc3 f6 36. Rg5+ Kh8 37. Rf1 c4 38. Rgf5 Kg7 39. h4 Be4 40.
R5f4 Bd3 41. R1f3 Qe6 42. h5 h6 43. Rg3+ Kh7 44. Rfg4 Qe5 45. Rg7+ Kh8 46. Qd2
Qxh5+ 47. Kg1 Rb8 48. Re7 Qc5+ 49. Ree3 Re8 50. Qf2 Rf8 51. Qf4 Qh5 52. Re6 Bf5
53. Qd6 Ra8 54. Qd4 Kh7 55. Re7+ 1-0

[Event "Festival Magistrale"]
[Site "Caorle ITA"]
[Date "1989.07.??"]
[Round "3"]
[White "Jovancic, Miodrag"]
[Black "Sinadinovic, Andjelko"]
[Result "1-0"]
[WhiteElo "2230"]
[BlackElo "2340"]
[PlyCount "43"]
[EventDate "1989.07.01"]

1. d4 Nf6 2. Nf3 d5 3. c4 e6 4. Nc3 c5 5. cxd5 exd5 6. Bg5 Be6 7. Bxf6 Qxf6 8.
e4 cxd4 9. Bb5+ Nd7 10. Bxd7+ Bxd7 11. Nxd5 Qg6 12. O-O Rc8 13. Qxd4 Bc5 14.
Qe5+ Kd8 15. Rfd1 f6 16. Qf4 Ke8 17. b4 Bf8 18. Nc7+ Kd8 19. Rxd7+ Kxd7 20.
Rd1+ Kc6 21. Qc1+ Kb6 22. Nd5+ 1-0

[Event "Festival Magistrale"]
[Site "Caorle ITA"]
[Date "1989.07.??"]
[Round "3"]
[White "Karakas-Kertesz, Eva"]
[Black "Kluss, Kai"]
[Result "0-1"]
[WhiteElo "2075"]
[BlackElo "2240"]
[PlyCount "140"]
[EventDate "1989.07.01"]

1. e4 c5 2. Nc3 Nc6 3. g3 g6 4. Bg2 Bg7 5. f4 d6 6. Nf3 e6 7. d3 Nge7 8. O-O
O-O 9. Be3 b6 10. d4 d5 11. exd5 Nf5 12. Bf2 Ncxd4 13. dxe6 Bxe6 14. Ng5 Bc4
15. Re1 Rc8 16. Rb1 h6 17. Nge4 Qc7 18. Nd2 Be6 19. Nd5 Qd8 20. c4 Ne7 21. Ne3
Rc7 22. Nf3 Rd7 23. Qa4 Nec6 24. Nxd4 Nxd4 25. Nd5 Bxd5 26. cxd5 Rxd5 27. Qxa7
Rd7 28. Qa4 b5 29. Qd1 c4 30. Qg4 h5 31. Qh3 Nc2 32. Rec1 Nb4 33. a3 Nd3 34.
Rd1 Rd6 35. Bf3 Nxf2 36. Kxf2 Rd2+ 37. Kg1 Qb6+ 38. Kh1 Qe3 39. Rxd2 Qxd2 40.
Qg2 Qxg2+ 41. Kxg2 Rd8 42. b3 Rd2+ 43. Kh3 Bb2 44. bxc4 bxc4 45. Rd1 Rf2 46.
Rd8+ Kg7 47. Be4 Re2 48. Bb1 Bxa3 49. Rc8 f6 50. Rxc4 g5 51. Rc7+ Be7 52. Rc2
g4+ 53. Kh4 f5+ 54. Kxh5 Re6 55. Rc6 Rxc6 56. Bxf5 Rh6+ 57. Kxg4 Rxh2 58. Kf3
Kf6 59. g4 Ra2 60. Bd3 Ra3 61. g5+ Ke6 62. Ke4 Ra4+ 63. Kf3 Bd6 64. f5+ Ke5 65.
g6 Rf4+ 66. Kg2 Kd4 67. Bb1 Be5 68. Kh3 Ke3 69. Kg2 Rf2+ 70. Kh3 70... Kf3 {...
} 0-1

[Event "Festival Magistrale"]
[Site "Caorle ITA"]
[Date "1989.07.??"]
[Round "3"]
[White "Kostic, Vladimir G."]
[Black "Osmanbegovic, Suad"]
[Result "1/2-1/2"]
[WhiteElo "2350"]
[BlackElo "2240"]
[PlyCount "64"]
[EventDate "1989.07.01"]

1. d4 Nf6 2. Nf3 c5 3. e3 d5 4. c4 cxd4 5. exd4 g6 6. cxd5 Bg7 7. Bb5+ Nbd7 8.
Nc3 O-O 9. Bxd7 Bxd7 10. O-O Bf5 11. Qb3 Bd3 12. Re1 Ba6 13. Bg5 Rc8 14. Ne5
Qd6 15. Bf4 Qd8 16. h3 Qa5 17. Bg5 Rcd8 18. Rac1 h6 19. Bxf6 exf6 20. Nf3 Rd6
21. a3 Rc8 22. Nd2 f5 23. Nf3 Bf6 24. Ne5 Kg7 25. Qa2 Bg5 26. Rcd1 Qc7 27. Qb3
Rc6 28. Qa2 Rd6 29. a4 Bc4 30. Qa3 Rdd8 31. Nxc4 Qxc4 32. Nb5 Qxd5 1/2-1/2

[Event "Festival Magistrale"]
[Site "Caorle ITA"]
[Date "1989.07.??"]
[Round "3"]
[White "Lazic, Miroljub"]
[Black "Guerra, Alessandro"]
[Result "1/2-1/2"]
[WhiteElo "2485"]
[BlackElo "2128"]
[PlyCount "103"]
[EventDate "1989.07.01"]

1. d4 Nf6 2. c4 e6 3. Nc3 Bb4 4. a3 Bxc3+ 5. bxc3 c5 6. e3 Nc6 7. Bd3 O-O 8.
Ne2 d6 9. O-O Ne8 10. e4 f5 11. exf5 exf5 12. Be3 b6 13. Qc2 g6 14. Rae1 Ba6
15. Nf4 Ng7 16. Nd5 Na5 17. Bh6 Rf7 18. Qe2 Nc6 19. Qe3 Qd7 20. Qg5 Raf8 21.
Nf4 Re8 22. Bxg7 Rxg7 23. Nd5 Rf8 24. Nf6+ Rxf6 25. Qxf6 Rf7 26. Qe6 cxd4 27.
cxd4 Nxd4 28. Qd5 Nb3 29. Re6 Bb7 30. Qxd6 Nc5 31. Rfe1 Nxe6 32. Rxe6 Bc8 33.
Qxd7 Rxd7 34. Re3 f4 35. Re8+ Kf7 36. Rxc8 Rxd3 37. Kf1 Rxa3 38. Rc7+ Kf6 39.
Rxh7 Ra2 40. Rc7 Ke5 41. h4 a5 42. Rc6 Rb2 43. c5 Kd5 44. Rxb6 Rxb6 45. cxb6
Kc6 46. Ke2 Kxb6 47. g4 fxg3 48. fxg3 Kc6 49. g4 Kd6 50. h5 gxh5 51. gxh5 Ke5
52. Kd3 1/2-1/2

[Event "Festival Magistrale"]
[Site "Caorle ITA"]
[Date "1989.07.??"]
[Round "3"]
[White "Loncar, Robert"]
[Black "Maksimovic, Suzana"]
[Result "1-0"]
[WhiteElo "2350"]
[BlackElo "2230"]
[PlyCount "101"]
[EventDate "1989.07.01"]

1. e4 c5 2. Nf3 Nc6 3. d4 cxd4 4. Nxd4 Nf6 5. Nc3 e5 6. Ndb5 d6 7. Bg5 a6 8.
Na3 b5 9. Bxf6 gxf6 10. Nd5 f5 11. Bd3 Be6 12. Qh5 f4 13. c3 Rg8 14. g3 Bg4 15.
Qxh7 Rg6 16. Qh4 Qxh4 17. gxh4 Bf3 18. h5 Rh6 19. Rg1 O-O-O 20. Nb1 f5 21. Nd2
fxe4 22. Bxe4 Bxe4 23. Nxe4 Ne7 24. Nef6 Nxd5 25. Nxd5 Rxh5 26. a4 Kb7 27. axb5
axb5 28. Ra5 Kc6 29. Nb4+ Kc5 30. b3 Kb6 31. Ra6+ Kb7 32. Ra5 e4 33. Rg6 Re8
34. Rf6 f3 35. Rf7+ Be7 36. Ra6 Rh6 37. Ra5 Rh5 38. Ra6 Rh6 39. Rf5 Kc7 40.
Rxb5 Kd7 41. Nd5 Bd8 42. Ra7+ Ke6 43. Nf4+ Kf6 44. Nh5+ Rxh5 45. Rxh5 e3 46.
Rh3 exf2+ 47. Kf1 Bb6 48. Rxf3+ Kg5 49. Ra1 d5 50. Rd1 Kh4 51. Rxf2 1-0

[Event "Festival Magistrale"]
[Site "Caorle ITA"]
[Date "1989.07.??"]
[Round "3"]
[White "Lostuzzi, Manlio"]
[Black "Anceschi, Vittorio"]
[Result "1/2-1/2"]
[WhiteElo "2200"]
[BlackElo "2280"]
[PlyCount "30"]
[EventDate "1989.07.01"]

1. e4 e6 2. Nf3 d5 3. Nc3 Nf6 4. e5 Ne4 5. Ne2 Bc5 6. d4 Be7 7. Ng3 c5 8. dxc5
Nd7 9. Be2 Ndxc5 10. Nxe4 dxe4 11. Qxd8+ Bxd8 12. Ng5 O-O 13. Be3 Be7 14. O-O-O
Nd7 15. Nxe4 Nxe5 1/2-1/2

[Event "Festival Magistrale"]
[Site "Caorle ITA"]
[Date "1989.07.??"]
[Round "3"]
[White "Magrin, Antonio"]
[Black "Filipovic, Branko"]
[Result "0-1"]
[WhiteElo "2200"]
[BlackElo "2450"]
[PlyCount "90"]
[EventDate "1989.07.01"]

1. d4 Nf6 2. Bf4 g6 3. Nf3 Bg7 4. Nc3 d5 5. e3 c6 6. Bd3 Qb6 7. Rb1 Nh5 8. Be5
Nf6 9. h3 Nbd7 10. Bh2 O-O 11. O-O a5 12. Re1 Re8 13. e4 dxe4 14. Bxe4 Nxe4 15.
Nxe4 Nf6 16. Nxf6+ Bxf6 17. Be5 Bxe5 18. Rxe5 Be6 19. Rxe6 fxe6 20. Qe2 Qb5 21.
Qxb5 cxb5 22. Ng5 e5 23. dxe5 Red8 24. c3 Rd5 25. Nf3 Rad8 26. Re1 Rd1 27. Kf1
b4 28. cxb4 axb4 29. Ke2 Rxe1+ 30. Nxe1 Ra8 31. Nd3 Rxa2 32. Ke3 Kf7 33. h4 Ke6
34. Ke4 b3 35. f4 h5 36. Nc5+ Kf7 37. Nd3 Ra4+ 38. Ke3 Rc4 39. g3 Ke6 40. Kf3
Kf5 41. Nf2 b6 42. Nd3 Rc2 43. Nb4 Rxb2 44. Nd5 Rd2 45. Nxe7+ Ke6 0-1

[Event "Festival Magistrale"]
[Site "Caorle ITA"]
[Date "1989.07.??"]
[Round "3"]
[White "Marinelli, Tullio"]
[Black "Raicevic, Ivica"]
[Result "0-1"]
[WhiteElo "2375"]
[BlackElo "2325"]
[PlyCount "60"]
[EventDate "1989.07.01"]

1. d4 e6 2. c4 Nf6 3. Nc3 Bb4 4. Qc2 O-O 5. Bg5 d5 6. e3 c5 7. Nf3 cxd4 8. exd4
Nc6 9. a3 Be7 10. c5 h6 11. Bd2 e5 12. dxe5 Ng4 13. b4 a5 14. Na4 axb4 15. axb4
Ncxe5 16. Nxe5 Nxe5 17. Bb5 Bf6 18. Rc1 d4 19. O-O d3 20. Qd1 Bg4 21. f3 Bf5
22. Bc3 Nc6 23. Bxc6 bxc6 24. Kh1 Re8 25. Rf2 Bh4 26. Rb2 Re2 27. Rxe2 dxe2 28.
Qxd8+ Rxd8 29. Nb2 Bg5 30. Ra1 Bd2 0-1

[Event "Festival Magistrale"]
[Site "Caorle ITA"]
[Date "1989.07.??"]
[Round "3"]
[White "Mazzotti, Carlo"]
[Black "Gregoratti, Ivaldi"]
[Result "0-1"]
[WhiteElo "1944"]
[BlackElo "1975"]
[PlyCount "70"]
[EventDate "1989.07.01"]

1. e4 c5 2. Nc3 Nc6 3. f4 e6 4. Nf3 d5 5. Bb5 a6 6. Bxc6+ bxc6 7. d3 Bd6 8. O-O
Ne7 9. e5 Bb8 10. Na4 Ba7 11. c4 O-O 12. b3 d4 13. Qe1 Ng6 14. g3 f6 15. Ba3
fxe5 16. fxe5 Bb8 17. Qe4 Rf5 18. Qxc6 Ra7 19. Nxc5 Re7 20. Nxa6 Bb7 21. Bxe7
Qxe7 22. Nxb8 Bxc6 23. Nxc6 Qc5 24. Nfxd4 Rxe5 25. b4 Qd6 26. Kg2 Re3 27. b5
Rxd3 28. Nf3 Qc5 29. Rac1 Ra3 30. Rc2 h6 31. Rfc1 Qe3 32. Rf1 Qd3 33. Rff2 Qe4
34. Kg1 Rxf3 35. Rxf3 35... Qxc2 {...} 0-1

[Event "Festival Magistrale"]
[Site "Caorle ITA"]
[Date "1989.07.??"]
[Round "3"]
[White "Messina, Enrico"]
[Black "Cardinali, Marco"]
[Result "1-0"]
[WhiteElo "1900"]
[BlackElo "2020"]
[PlyCount "117"]
[EventDate "1989.07.01"]

1. e4 c5 2. Nf3 d6 3. d4 cxd4 4. Nxd4 Nf6 5. Nc3 e6 6. g4 a6 7. g5 Nfd7 8. Be3
Be7 9. Qd2 b5 10. a3 Bb7 11. h4 Nc6 12. Rg1 O-O 13. h5 Nxd4 14. Bxd4 Ne5 15.
Be2 Rc8 16. O-O-O Qa5 17. f4 Nc6 18. Qe3 Nxd4 19. Qxd4 Rxc3 20. Qxc3 Qxc3 21.
bxc3 Bxe4 22. Kb2 d5 23. h6 g6 24. Bd3 Bf5 25. Bxf5 gxf5 26. Rg3 Rc8 27. Re3
Bd6 28. Rf3 Kf8 29. Rd4 Rc4 30. Rxc4 bxc4 31. a4 Bc5 32. Kc1 f6 33. g6 hxg6 34.
h7 Kg7 35. Rh3 Kh8 36. Rh6 Be3+ 37. Kd1 Bxf4 38. Rxg6 Be5 39. Rg8+ Kxh7 40. Re8
Bxc3 41. Rxe6 d4 42. Rd6 Kg6 43. Rd5 f4 44. Ke2 Kf7 45. Rc5 Bb4 46. Rxc4 a5 47.
Rxd4 Ke6 48. Rxf4 Ke5 49. Rc4 Kd5 50. Rc8 Kd4 51. Kf3 Bd2 52. Rd8+ Kc3 53. Rxd2
Kxd2 54. c4 Kc3 55. c5 Kb4 56. c6 Kxa4 57. c7 Kb3 58. c8=Q a4 59. Qc1 1-0

[Event "Festival Magistrale"]
[Site "Caorle ITA"]
[Date "1989.07.??"]
[Round "3"]
[White "Mufic, Goran"]
[Black "Gaggiottini, Manfredo"]
[Result "1-0"]
[WhiteElo "2275"]
[BlackElo "2030"]
[PlyCount "121"]
[EventDate "1989.07.01"]

1. e4 c5 2. c3 b6 3. d4 Bb7 4. Bd3 e6 5. Qe2 Qc7 6. Be3 Nf6 7. Nd2 Nc6 8. Rc1
Be7 9. Ngf3 d6 10. O-O Nb8 11. h3 Nbd7 12. Bg5 h6 13. Bh4 Rd8 14. Rfd1 Qb8 15.
Bb1 O-O 16. e5 Nd5 17. Qe4 g6 18. Bxe7 Nxe7 19. Qh4 Nf5 20. Bxf5 exf5 21. Qxh6
Rfe8 22. e6 Nf8 23. exf7+ Kxf7 24. h4 Kg8 25. h5 Qc7 26. Re1 Qg7 27. Qxg7+ Kxg7
28. hxg6 Nxg6 29. Rxe8 Rxe8 30. Re1 Rxe1+ 31. Nxe1 cxd4 32. cxd4 Nf4 33. Kh2
Bd5 34. a3 Kf6 35. g3 Ne6 36. Nc2 Ng5 37. Kg1 f4 38. gxf4 Nh3+ 39. Kh2 Nxf4 40.
Kg3 Ne2+ 41. Kg4 Be6+ 42. Kf3 Nc1 43. Ke3 a5 44. Ne4+ Ke7 45. Nc3 Bb3 46. Kd2
Na2 47. Ne3 Kd7 48. d5 Ke8 49. Nxa2 Bxa2 50. Kc2 a4 51. Kc3 Kf7 52. Kb4 Bb3 53.
Kb5 Kf6 54. f4 Ke7 55. Kc6 b5 56. Nf5+ Kf6 57. Nxd6 Ke7 58. Nb7 Kf6 59. d6 Be6
60. d7 Bxd7+ 61. Kxd7 1-0